Las Polémicas declaraciones de John Biehl: El estado paralelo de la AID en Costa Rica /

Presenta una serie de declaraciones emitidas por John Biehl acerca de la política estadounidense en Costa Rica. En síntesis, apunta que los norteamericanos han construido un estado paralelo. Analiza que la ayuda financiera que se obtuvó en el período presidencial de Monge Alvarez significó la marcad...

Full description

Saved in:
Bibliographic Details
Main Author: Morales Gamboa, Abelardo
Format: Text
Subjects:
Tags: Add Tag
No Tags, Be the first to tag this record!

MARC

LEADER 00000 a a2200000 04500
001 1346
003
040
100 |a Morales Gamboa, Abelardo  
245 |a Las Polémicas declaraciones de John Biehl:   |b El estado paralelo de la AID en Costa Rica /  |c Abelardo Morales Gamboa 
520 |a Presenta una serie de declaraciones emitidas por John Biehl acerca de la política estadounidense en Costa Rica. En síntesis, apunta que los norteamericanos han construido un estado paralelo. Analiza que la ayuda financiera que se obtuvó en el período presidencial de Monge Alvarez significó la marcada intervención de los Estados Unidos en Costa Rica y por ello Biehl asegura que la ayuda no es gratuita: ésta se paga con creces, pues los estadounidenses entran a Costa Rica y construyen pistas de aterrizaje como el caso de Potrero Grande en Guanacaste, con el fin de atacar a los sandinistas y con ello se pierde totalmente la soberanía nacional. OB/EB  
650 |a AYUDA ECONOMICA  
650 |a INTERVENCION EXTRANJERA  
650 |a RECESION ECONOMICA  
650 |a POLITICA EXTERIOR  
650 |a PAISES EN DESARROLLO  
650 |a CAPITALISMO  
650 |a CRISIS ESTRUCTURAL  
773 |g número 46; páginas 7-10  
999 |c 36024  |d 36024